Statistics for Chicago - Michael Jackson - All Lyrics

Click here to take the quiz!

General Stats

  • This quiz has been taken 21 times
  • The average score is 404 of 554

Answer Stats

Answer% Correct
a
100%
Chicago
100%
her
100%
Her
100%
I
100%
"I
100%
me,
100%
me
100%
met
100%
on
100%
She
100%
she
100%
to
100%
was
100%
way
100%
an
94%
and
94%
so
94%
So
94%
all
89%
alone
89%
see
89%
the
89%
at
83%
looked
83%
my
83%
smiled
83%
asked
78%
for
78%
into
78%
like
78%
man
78%
name
78%
real
78%
really
78%
surprised
78%
that
78%
woman
78%
have
72%
no
72%
said
72%
Said,
72%
told
72%
When
72%
Where
72%
you
72%
you,
72%
You
72%
yeah
67%
be
61%
best
61%
can
61%
didn't
61%
didn’t
61%
kids
61%
lied
61%
Lovin'
61%
lovin'
61%
shame
61%
very
61%
don't,"
56%
‘Cause
50%
'Cause
50%
feel
50%
Fifty
50%
how
50%
just
50%
never
50%
phone
50%
Raised
50%
seemed
50%
sincere
50%
angel
44%
feels
44%
from
44%
give
44%
had
44%
heaven
44%
know
44%
nine
44%
sent
44%
tell
44%
would
44%
blame
39%
cool
39%
gave
39%
holdin'
39%
spoken
39%
still
39%
thought
39%
while
39%
wife
39%
words
39%
would've
39%
your
39%
change
33%
code
33%
family,
33%
felt
33%
girl,
33%
held
33%
I'm
33%
It
33%
it
33%
kind
33%
life
33%
livin'
33%
loving
33%
Loving
33%
much
33%
near,
33%
not
33%
Now
33%
of
33%
page
33%
school
33%
should
33%
This
33%
Tried
33%
tried
33%
work
33%
already
28%
any
28%
double
28%
end
28%
got
28%
live
28%
Swear
28%
things
28%
With
17%
keep
11%

Score Distribution

Percentile by Number Answered

Percent of People with Each Score

Your Score History

You have not taken this quiz